000 00480nam a22001817a 4500
005 20260429092527.0
008 260429b |||||||| |||| 00| 0 eng d
020 _a978-1-292-06331-7
050 _aGE 105. W58 2015
100 _aWITHGOTT JAY
245 _aENVIROMENT
_bTHE SCIENCE BEHIND THE STORIES
250 _a5th
260 _aNEWYORK
_bPEARSON PUBLISHERS
_c2015
300 _aX,692
650 _aEnviromental science
700 _alaposata matthew
942 _2lcc
_cBK
999 _c217069
_d217069